000 00591nam a2200157Ia 4500
999 _c8973
_d8973
003 OSt
005 20210218143242.0
008 151021s9999 xx 000 0 und d
040 _aMMU
_beng
_cMMU
_dMMU
050 _aHC 865 .I4753 2008
245 _aIjara district development plan 2002-2008''effective management for sustainable economic growth and poverty reduction" Ministry of planning and national development/
_cMinistry of planing and national development
260 _aNairobi:
_bGovernment printers,
_c2008
300 _aix, 62 p. :
650 _aDevelopment
942 _2lcc
_cLOAN LOAN